Statistics for Lawto's SACSC General Knowledge Quiz

Click here to take the quiz!

General Stats

  • This quiz has been taken 3 times
  • The average score is 9 of 15

Answer Stats

HintAnswer% Correct
What was the name of Jeremy Jubb's primary character in Luke Lloyd: Alienoid?Lola
100%
Another Christmas question! Which former England opening batsman was born on Christmas Day?Alastair Cook
67%
Which 1942 drama film starred Humphrey Bogart and Ingrid Bergman?Casablanca
67%
Final Christmas question: What is the name of the protagonist in Charles Dickens' A Christmas Carol?Ebenezer Scrooge
67%
In the S.A.C. edition of Beauty and the Beast, who was responsible for taking Maurice's trolley off before the wolf chase scene in Act 1?Joe Moran
67%
The Rumble in the Jungle is one of the most legendary boxing matches ever, featuring George Foreman and Muhammad Ali. In which city was the match held?Kinshasa
67%
Charles Lutwidge Dodgson was his real name, although this author was better known by which pen name?Lewis Carroll
67%
Which 1950s doctrine involved accusing people of being communists with little regard for evidence?McCarthyism
67%
Which synthetic element, atomic number 111, is named after the man who discovered the X-Ray?Roentgenium
67%
It's Christmas time! From which modern day country was St Nicholas actually from?Turkey
67%
What profession did Fr Ross Jones hold before he became a Jesuit?Biochemist
33%
Starbucks is a coffee icon, and once spelled Flynn's name "philp". Which region of Seattle is the brand's original roastery in?Capitol Hill
33%
In WW2, there was a group of aviators who made regular continuous flights from London to Sydney, in the face of immense peril. What was this 'secret order' known as?Double Sunrise
33%
According to the Rolling Stone Magazine's 2003 list, which Bob Dylan song is the greatest of all time?Like a Rolling Stone
33%
Which Soviet propagandist newspaper's name translates to "truth"?Pravda
33%

Score Distribution

Percentile by Number Answered

Percent of People with Each Score

Your Score History

You have not taken this quiz